Desarrollo del Sistema de Inocuidad para una Planta de Separación de Gases del Aire para el producto Nitrógeno, siguiendo los requisitos que corresponden de Normas ISO 22000:2005 y la ISO/TS 22002-1.
Tallennettuna:
| Päätekijä: | |
|---|---|
| Muut tekijät: | |
| Aineistotyyppi: | Kirja |
| Kieli: | Spanish |
| Julkaistu: |
San José, Costa Rica
2019
|
| Aiheet: | |
| Tagit: |
Lisää tagi
Ei tageja, Lisää ensimmäinen tagi!
|
MARC
| LEADER | 00000nam a22000007a 4500 | ||
|---|---|---|---|
| 003 | 013055 | ||
| 005 | 20230427145821.0 | ||
| 008 | 190516b2019 c a|||| |m|| 00| ||spa d | ||
| 040 | |c cru CEDI | ||
| 100 | |9 16799 |a Solano Sánchez, María de los Ángeles | ||
| 245 | |a Desarrollo del Sistema de Inocuidad para una Planta de Separación de Gases del Aire para el producto Nitrógeno, siguiendo los requisitos que corresponden de Normas ISO 22000:2005 y la ISO/TS 22002-1. | ||
| 260 | |a San José, Costa Rica |c 2019 | ||
| 500 | |a Práctica dirigida(licenciatura en ingeniería química)--Universidad de Costa Rica. Facultad de Ingeniería. Escuela de Ingeniería Química | ||
| 501 | |a Directora de Práctica Dirigida: Paula Solano Sánchez, M.Sc | ||
| 650 | |x NITROGENO - APLICACIONES INDUSTRIALES - EVALUACION |x VALIDACION - METODOS |x SEGURIDAD ALIMENTICIA - NORMAS |x INOCUIDAD ALIMENTARIA - MEDIDAS DE SEGURIDAD - COSTA RICA |x ANALISIS DE PELIGROS Y PUNTOS CRITICOS DE CONTROL | ||
| 700 | |9 15 |a Solano Sánchez, Paula Raquel, 1976- |d Directora del TFG | ||
| 942 | |c CEDI |h TFG 8205 |6 TFG_8205_000000000000000 | ||
| 999 | |c 21697 |d 21697 | ||
